000
00253nam a2200097Ia 4500
001
904230
005
20250826184927.0
008
250824s9999 xx 000 0 und d
245
0
_a
KARIM VE KIZIM
_c
RECEP BİLGİNER
260
_b
KÜLTÜR BAKANLIĞI YAYINLARI
999
_c
904230
_d
904230